000 00583nam a2200229Ia 4500
003 OSt
005 20221006151851.0
006 a|||||r|||| 00| 0
007 ta
008 221006b |||||||| |||| 00| 0 eng d
020 _c300.00
024 _a23,749
037 _cTextual
040 _aEASL
_cEASL
_beng
041 _2eng
_aeng
100 _aBASU Asok
_9245827
245 0 _aHimalayas
_b A classified social scientific bibliography
260 _aCalcutta
_bK.P.Bagchi
_c1987
300 _a318p.
_ccm.
942 _cTEXL
_2CC
999 _c1091835
_d1091835